| 000 | 00556nam a2200169 i 4500 | ||
|---|---|---|---|
| 001 | 57298 | ||
| 003 | ES-MaACL | ||
| 005 | 20230906163542.0 | ||
| 007 | t| | ||
| 008 | 031015s1975 sp ||||1| spa d | ||
| 100 | 1 |
_aDomenech Massons, José M. _945096 |
|
| 245 | 1 | 0 |
_aMétodos estadísticos para la investigación en Ciencias Humanas / _cJosé M. Domenech Masson ; prólogo de J. Torrens-Ibern. |
| 260 |
_aBarcelona : _bHerder, _c1975. |
||
| 300 |
_a450 p. : _bil. ; _c25 cm. |
||
| 700 | 1 |
_aTorrens-Ibern, J. _9110826 |
|
| 852 |
_aES-MaACL _jE-9693 _bR.93747 |
||
| 999 |
_c57298 _d57298 |
||